Score 0/24 Timer 03:00
2 Plays Today
Hint Answer % Correct
Jesus ________Christ
96.9%
________ LutherMartin
96.6%
Saint ________ of AssisiFrancis
90.3%
________ TutuDesmond
83.6%
Brigham ________Young
80.1%
L. Ron ________Hubbard
76.7%
________ CalvinJohn
70.6%
________ GrahamBilly
68.9%
Saint Francis ________Xavier
63.2%
Saint ________ de PaulVincent
53.8%
________ TzuLao
45.3%
Blaise ________Pascal
43.2%
Hint Answer % Correct
________ of LoyolaIgnatius
42.6%
Saint ________ of AvilaTeresa
38%
Mary Baker ________Eddy
35.7%
________ WojtyłaKarol
31.3%
Saint ________ of HippoAugustine
30.3%
William of ________Ockham
24.2%
________ WarrenRick
21.5%
________ GautamaSiddhārtha
17.3%
Rowan ________Williams
16.1%
________ NanakGuru
12.3%
Julian of ________Norwich
10.6%
Huldrych ________Zwingli
6.3%

Today's Daily Dose

You're not logged in!

Compare scores with friends on all Sporcle quizzes.
OR
Log In

Sporcle TV

Today on Sporcle TV


Watch our educational content, quiz creation guides, and fun videos on Sporcle TV.

Show Comments

Extras

Top Quizzes Today


Score Distribution

Your Account Isn't Verified!

In order to create a playlist on Sporcle, you need to verify the email address you used during registration. Go to your Sporcle Settings to finish the process.

Report this User

Report this user for behavior that violates our Community Guidelines.

Details: